Válečníci pod plachtami korábů. Díl 1, Od egyptských faraónů do objevu Nového světa /

Hlavní autor: Patočka, Václav
Další autoři: Kubela, Přemysl, 1921-1999
Jazyk: Čeština
Vydáno: Praha : Naše vojsko, 1993
Vydání: 1. vyd.
Edice: Azimut
Témata:
Externí odkaz: Digitalizovaný dokument
Fyzický popis: 139 s. : il. (některé barev.), mapy ; 21 cm
Knihy
Uloženo v:
LEADER 01903nam a2200505 a 4500
001 000013100
003 CZ BrMZK
005 20251008102811.0
007 ta
008 930929s1993 xr a f 000 m cze d
015 |a cnb000077184 
020 |a 80-206-0268-2  |c 49.00 
040 |a BOA001  |b cze 
080 |a 629.123  |2 MRF 
080 |a 910.4  |2 MRF 
080 |a 355.49  |2 MRF 
080 |a 623.82  |2 MRF 
100 1 |a Patočka, Václav  |7 jk01091921  |4 aut 
245 1 0 |a Válečníci pod plachtami korábů.  |n Díl 1,  |p Od egyptských faraónů do objevu Nového světa /  |c Václav Patočka ; ilustroval Přemysl Kubela 
246 3 0 |a Od egyptských faraónů do objevu Nového světa 
250 |a 1. vyd. 
260 |a Praha :  |b Naše vojsko,  |c 1993 
300 |a 139 s. :  |b il. (některé barev.), mapy ;  |c 21 cm 
490 1 |a Azimut ;  |v sv. 58 
500 |a Označení části z obálky 
500 |a Chronologický přehled 
653 0 |a válečníci 
700 1 |a Kubela, Přemysl,  |d 1921-1999  |7 jx20040809019  |4 ill 
830 0 |a Azimut  |0 s 
856 4 1 |u http://www.digitalniknihovna.cz/mzk/uuid/uuid:675a8bf0-9d62-11e3-8e84-005056827e51  |y Digitalizovaný dokument  |x NDK 
910 |a BOA001  |b 2-0993.123,1  |b PK-0119.585,1 
920 |a 000317933 
962 |a 623.8/.9 
962 |a 629.12 
962 |a 910.3/.4 
962 |a 355 
964 |a Mořeplavci - publikace populární 
964 |a Bitvy námořní - publikace populární 
964 |a Cesty objevné - publikace populární 
964 |a Lodě námořní - publikace populární 
964 |a Loďstvo námořní - publikace populární 
964 |a Mořeplavba - publikace populární 
990 |a BK 
996 7 |b 2610002798  |c 2-0993.123,1  |l MZK  |r Sklad / do 1 hodiny  |n 14  |p p.v.  |w 000013100  |u 000010  |a 1  |e BOA001  |j MZK50  |s A 
996 7 |b 3119926197  |c PK-0119.585,1  |l MZK  |r Sklad / do 1 hodiny  |n 7  |w 000013100  |u 000020  |a 1  |e BOA001  |j MZK50  |s A